Concluding unscientific postscript to philosophical fragments (Record no. 252837)

MARC details
000 -LEADER
fixed length control field 00912nam a2200253Ia 4500
008 - FIXED-LENGTH DATA ELEMENTS--GENERAL INFORMATION
fixed length control field 191130s1992##################000#0#eng##
020 ## - INTERNATIONAL STANDARD BOOK NUMBER
ISBN 0691073953 (v. 1 : alk. paper)
082 ## - DEWEY DECIMAL CLASSIFICATION NUMBER
Classification number 201 HON
100 ## - MAIN ENTRY--AUTHOR NAME
Personal name Kierkegaard, Søren
245 ## - TITLE STATEMENT
Title Concluding unscientific postscript to philosophical fragments
Statement of responsibility, etc by Søren Kierkegaard ; edited and translated with introduction and notes by Howard V. Hong and Edna H. Hong
260 ## - PUBLICATION, DISTRIBUTION, ETC. (IMPRINT)
Place of publication Princeton
Name of publisher Princeton University Press
Year of publication 1992
300 ## - PHYSICAL DESCRIPTION
Number of Pages 2 v. ; 22 cm
500 ## - GENERAL NOTE
General note Translation of: Afsluttende uvidenskabelig efterskrift. Includes bibliographical references
650 ## - SUBJECT ADDED ENTRY--TOPICAL TERM
Topical Term Apologetics
Topical Term Christianity - Philosophy
700 ## - ADDED ENTRY--PERSONAL NAME
Personal name Hong, Edna H
Personal name Hong, Howard V
Personal name Kierkegaard, Søren
991 ## -
-- 74111
Holdings
Withdrawn status Lost status Damaged status Not for loan Home library Current library Shelving location Date acquired Full call number Accession Number Cost, replacement price Price effective from Koha item type
        Anna Centenary Library Anna Centenary Library 3RD FLOOR, B WING 13.10.2020 201 HON 166599 2927.00 13.10.2020 Reference

Find us on the map